Taylor Swift - Devine les chansons par leurs 1ère phrases #5 - Statistiques

Statistiques générales
  • Ce quiz a été pris 309 fois
  • Le résultat moyen est 8 sur 15
Statistiques - réponses
Hint Réponse % Correct
We could leave the Christmas lights up 'til January Lover
94%
Now go stand in the corner and think about what you did Better Than Revenge
85%
I can read your mind I Can Do It With a Broken Heart
82%
***, love made me crazy Don’t Blame Me
80%
I have this thing where I get older but just never wiser Anti-hero
79%
I was supposed to be sent away Fortnight
78%
You booked the night train for a reason Champagne Problems
76%
I stay out too late Shake It Off
68%
Looking at it now Out of the Woods
46%
Once upon a time I Knew You Were Trouble
39%
When you think of all the late nights All of The Girls You Loved Before
33%
Hey *** Dorothea
24%
I took a chance, I took a shot Tell Me Why
17%
I don't know what I want A Place In This World
12%
I know that you like me Message in a Bottle
12%
Aucun quiz correspondant
Distribution des résultats
% des personnes avec chaque résultat
Percentile par nombre de réponses
Votre historique - résultats
Vous n’avez pas pris ce quiz